MSM Monsters on Plant Island - Statistics

General Stats
  • This quiz has been taken 204 times
  • The average score is 25 of 29
Answer Stats
Elements Monster % Correct
Earth Noggin
99%
Water Toe Jammer
97%
Plant Potbelly
96%
Cold Mammott
92%
Dipster Mi
92%
Dipster Do
91%
Cold, Plant Furcorn
90%
Cold, Water Maw
90%
Dipster Re
90%
Electricity Wubbox
90%
Dipster Fa
89%
Dipster La
89%
Shugafam Shugabush
89%
Cold, Water, Plant Bowgart
87%
Earth, Cold, Water, Plant Entbrat
87%
Earth, Water Fwog
87%
Plasma Ghazt
87%
Spooktacle Punkleton
87%
Dipster Ti
87%
Mythical G’joob
86%
Dipster Sol
86%
Earth, Cold, Water T-Rox
86%
Earth, Cold Drumpler
85%
Earth, Cold, Plant Clamble
84%
Werdo Tawkerr
84%
Water, Plant Oaktopus
82%
Earth, Plant Shrubb
82%
Werdo Parlsona
79%
Earth, Water, Plant Pummel
76%
No matching quizzes found
Score Distribution
Percent of People with Each Score
Percentile by Number Answered
Your Score History
You have not taken this quiz